Normal view
MARC view
- History of Afghanistan
Entry Topical Term
001 - CONTROL NUMBER
- control field: 110993
003 - CONTROL NUMBER IDENTIFIER
- control field: NUST
005 - DATE AND TIME OF LATEST TRANSACTION
- control field: 20230321172314.0
008 - FIXED-LENGTH DATA ELEMENTS
- fixed length control field: 230321|| aca||aabn | a|a d
040 ## - CATALOGING SOURCE
- Original cataloging agency: NUST
- Transcribing agency: NUST
150 ## - HEADING--TOPICAL TERM
- Topical term or geographic name entry element: History of Afghanistan
670 ## - SOURCE DATA FOUND
- Source citation: Work cat.: (NUST)188051: Khan, Muhammad Iftikhar Ali 110992, Afghanistan / افغانستان تاریخ کے مختلف ادوار میں (Urdu) /
